| 000 | 00688nam a2200217 i 4500 | ||
|---|---|---|---|
| 001 | bgj | ||
| 100 | 1 |
_aSIENKIEWICZ, Henryk _d(1846-1916). |
|
| 245 | 1 | 0 |
_aQuo Vadis / _cHenryk Sienkiewicz ; translated by Jeremiah Curtin ; introduction by Allen Klots, Jr. |
| 260 |
_aNew York : _bDodd, Mean & Company, _c1955. |
||
| 300 |
_a[10], 422 pp ; _c18 cm. |
||
| 650 | 9 |
_aChurch, History _xPrimitive and early church _yca. 30-600 |
|
| 650 | 9 | _aChristian fiction | |
| 651 | 9 |
_aRome _xHistory |
|
| 655 | _aFiction | ||
| 700 | 1 |
_aCURTIN, Jeremiah. _etransl. |
|
| 700 | 1 |
_aKLOTS, Allen _c(Jr.) |
|
| 040 | _cBPK | ||
| 041 | 0 |
_aeng _hpol |
|
| 942 | _cKS | ||
| 008 | s uk f |000 0 eng | ||
| 999 |
_c48812 _d48812 |
||
| 856 |
_uhttp://koha.tu.koszalin.pl/cgi-bin/koha/opac-detail.pl?biblionumber=48812 _yKatalog online BPK |
||